[Event "BCF-chT4S 1819 (4NCL)"]
[Site "England"]
[Date "2019.04.13"]
[Round "7.133"]
[White "Bowcott, Dustin"]
[Black "Arora, Tashika"]
[Result "1-0"]
[WhiteElo "1892"]
[BlackElo "1437"]
[PlyCount "109"]
[EventDate "2018.11.17"]
[EventType "team-swiss"]
[EventRounds "11"]
[EventCountry "ENG"]
[SourceTitle "EXT 2021"]
[Source "ChessBase"]
[SourceDate "2020.10.23"]
[SourceVersion "1"]
[SourceVersionDate "2020.10.23"]
[SourceQuality "1"]
[WhiteTeam "Shropshire III"]
[BlackTeam "Check Innmates III"]
[WhiteTeamCountry "ENG"]
[BlackTeamCountry "ENG"]

1. d4 Nf6 2. Bf4 g6 3. Nc3 Bg7 4. e4 d6 5. Qd2 0-0 6. 0-0-0 Nc6 7. f3 a6 8. Bh6 b5 9. g4 b4 10. Nce2 a5 11. h4 Ba6 12. Bxg7 Kxg7 13. h5 Rb8 14. hxg6 fxg6 15. Qh6+ Kg8 16. e5 Rf7 17. exf6 exf6 18. Nh3 Qe7 19. Qd2 a4 20. Nef4 Bxf1 21. Rhxf1 Qd7 22. Qe2 d5 23. Qe6 Qxe6 24. Nxe6 b3 25. a3 bxc2 26. Kxc2 Re8 27. Nef4 Rd7 28. Kc3 Kf7 29. Rfe1 Rd6 30. Rxe8 Kxe8 31. Nf2 Kf7 32. Re1 g5 33. N4d3 Rd8 34. Nc5 Ra8 35. Nfd3 h6 36. Re2 Ra7 37. Nb4 Nxb4 38. Kxb4 c6 39. Nxa4 Rb7+ 40. Kc3 Ra7 41. Nc5 Rc7 42. a4 Ra7 43. Re6 Rc7 44. a5 Rc8 45. b4 Rc7 46. a6 Rc8 47. Rd6 Ke7 48. Rd7+ Ke8 49. Rh7 Rd8 50. Rh8+ Ke7 51. Rxd8 Kxd8 52. a7 Kc7 53. a8Q h5 54. Qb7+ Kd6 55. Qd7# 1-0

[Event "BCF-chT4S 1819 (4NCL)"]
[Site "England"]
[Date "2018.11.17"]
[Round "1.99"]
[White "Weersing, Sarah"]
[Black "Bowcott, Dustin"]
[Result "1/2-1/2"]
[WhiteElo "1772"]
[BlackElo "1840"]
[PlyCount "63"]
[EventDate "2018.11.17"]
[EventType "team-swiss"]
[EventRounds "11"]
[EventCountry "ENG"]
[SourceTitle "EXT 2021"]
[Source "ChessBase"]
[SourceDate "2020.10.23"]
[SourceVersion "1"]
[SourceVersionDate "2020.10.23"]
[SourceQuality "1"]
[WhiteTeam "Poisoned Pawns Next Generation"]
[BlackTeam "Shropshire III"]
[WhiteTeamCountry "ENG"]
[BlackTeamCountry "ENG"]

1. d4 g6 2. Nf3 Bg7 3. c4 c5 4. e3 cxd4 5. exd4 d5 6. Be3 Nf6 7. Nc3 0-0 8. Qb3 dxc4 9. Bxc4 Nc6 10. Ne2 Na5 11. Qc3 Nxc4 12. Qxc4 Be6 13. Qb5 Bd5 14. Nh4 e6 15. 0-0 a6 16. Qd3 b5 17. b3 Ng4 18. g3 Qf6 19. f3 Nxe3 20. Qxe3 Rac8 21. Ng2 Rc2 22. Ngf4 Bb7 23. Qd3 Rc7 24. Rad1 Rd7 25. Qe3 Rfd8 26. Rd3 Bh6 27. Rfd1 Qe7 28. Kg2 f5 29. Nxg6 Bxe3 30. Nxe7+ Rxe7 31. Rxe3 e5 32. Kf2 1/2-1/2